Aventuras de Pinocho : (Registro nro. 8700)
[ vista simple ]
| 000 -LIDER | |
|---|---|
| fixed length control field | 00977nam a22002777a 4500 |
| 003 - IDENTIFICACDOR DE NÚMERO DE CONTROL | |
| control field | DO-SdBPM |
| 005 - DATE AND TIME OF LATEST TRANSACTION | |
| control field | 20241213075420.0 |
| 008 - ELEMENTOS DE LONGITUD FIJA | |
| fixed length control field | 151113b2004 it |||| 00| 0 spa d |
| 020 ## - ISBN | |
| International Standard Book Number | 8888405232 |
| 040 ## - FUENTE DE CATALOGACIÓN | |
| Agencia que crea de manera original el registro | DO-SdBPM |
| Idioma de catalogación | sp |
| Agencia que realiza la transcripción | BPMSU |
| 082 #4 - NÚMERO DE CLASIFICACIÓN DECIMAL DE DEWEY | |
| Classification number | 853.8 |
| Item number | C714a 2004 |
| Edition number | 22 |
| 092 ## - LOCALLY ASSIGNED DEWEY DECIMAL CALL NUMBER | |
| Número de clasificación | xxxx |
| Número de ítem (Cutter) | xxxx |
| 100 1# - ASIENTO PRINCIPAL -- NOMBRE PERSONAL | |
| Nombre personal | Collodi, Carlo, |
| Fechas asociadas con el nombre | 1826-1890. |
| 245 10 - MENCIÓN DE TITULO | |
| Título | Aventuras de Pinocho : |
| Subtítulo | historia de un muñeco / |
| Mención de responsabilidad | Carlo Collodi ; traducción de Excilia Saldaña ; ilustraciones de Carlo Chiostri ; edición de Danilo Manera. |
| 260 ## - PUBLICACIÓN, DISTRIBUCIÓN, ETC. (PIE DE IMPRENTA) | |
| Lugar de publicación, distribución, etc | Italia : |
| Nombre del editor, distribuidor, etc. | Editorial Gente Nueva, |
| Fecha de publicación, distribución, etc | 2004. |
| 300 ## - DESCRIPCIÓN FÍSICA | |
| Extensión | 183 p. : |
| Otros detalles físicos | il. ; |
| Dimensiones | 17 cm. |
| Enlace | |
| 490 0# - MENCIÓN DE SERIES | |
| Mención de serie | Un mar de sueños, |
| Volume/sequential designation | 18 |
| 590 ## - NOTA LOCAL | |
| Texto de la nota local | Inventariado, 2024/VM |
| 650 #4 - ENCABEZAMIENTO DE MATERIA--TEMÁTICO | |
| Término temático o nombre geográfico como elemento de entrada | Cuentos juveniles italianos |
| 650 #4 - ENCABEZAMIENTO DE MATERIA--TEMÁTICO | |
| Término temático o nombre geográfico como elemento de entrada | Literatura juvenil italiana |
| 700 1# - ASIENTO SECUNDARIO -- NOMBRE PERSONAL | |
| Nombre personal | Chiostri, Carlo, |
| Mención de responsabilidad | ilustración |
| 700 1# - ASIENTO SECUNDARIO -- NOMBRE PERSONAL | |
| Nombre personal | Saldaña, Excilia, |
| Mención de responsabilidad | traductor |
| 700 12 - ASIENTO SECUNDARIO -- NOMBRE PERSONAL | |
| Nombre personal | Madera, Danilo |
| 910 ## - VALIDACIÓN | |
| Validación | VMateo V. Control de calidad. BPMSU |
| 942 ## - ADDED ENTRY ELEMENTS (KOHA) | |
| Source of classification or shelving scheme | Dewey Decimal Classification |
| Koha item type | Libros |
| Withdrawn status | Lost status | Source of classification or shelving scheme | Damaged status | Not for loan | Collection code | Home library | Current library | Date acquired | Source of acquisition | Total Checkouts | Full call number | Barcode | Date last seen | Price effective from | Koha item type | Copy number |
|---|---|---|---|---|---|---|---|---|---|---|---|---|---|---|---|---|
| Dewey Decimal Classification | Colección Juvenil General | Biblioteca Pública Metropolitana Salomé Ureña | Biblioteca Pública Metropolitana Salomé Ureña | 11/13/2015 | Secretaría de Estado de Cultura | BPMSU CJG 853.8 C714a 2004 | BPMSU15110257 | 11/13/2015 | 11/13/2015 | Libros | ||||||
| Dewey Decimal Classification | Colección Juvenil General | Biblioteca Pública Metropolitana Salomé Ureña | Biblioteca Pública Metropolitana Salomé Ureña | 07/20/2016 | Secretaría de Estado de Cultura | BPMSU CJG 853.8 C714a 2004 | BPMSU16070596 | 07/20/2016 | 07/20/2016 | Libros | e.2 |